| 000 | 01159nam a2200301 4500 | ||
|---|---|---|---|
| 003 | EC-UNACH | ||
| 005 | 20251023120655.0 | ||
| 006 | s||||gr|||| 00| 00 | ||
| 008 | 150116t9999 mx r gr 000 0 spa d | ||
| 020 | _a978-9978-67-164-1 | ||
| 040 |
_aEC-UNACH _cEC-UNACH |
||
| 041 | _aspa | ||
| 082 | 0 | 4 |
_223 _a302.2 _bL017860 |
| 110 | _aRisperGraf C,A | ||
| 245 | _aLos nuevos enfoques de integración :mas allá del regionalismo | ||
| 250 | _aPrimera edición | ||
| 264 |
_aEcuador _bRisperGraf C,A _c2008 |
||
| 300 | _a280 | ||
| 505 | _aParte 1- Estudio Introductorio Parte 2- Los procesos de integración en América latina desafíos del presente y perspectivas de futuro Parte 3- Mercosur nuevos horizontes , perspectivas comparadas Parte 4- Integración latinoamericana con Europa y Asia | ||
| 650 | _aLos nuevos enfoques en relaciones internacionales | ||
| 650 | _aNuevos desafíos para la cooperación en la región andina | ||
| 650 | _aLa agenda interna del mercosur | ||
| 700 | _aGrace Jaramillo | ||
| 942 |
_2ddc _c1 |
||
| 999 | _c14072 | ||